Statistics for Dance Moms Dancers and Moms since Season 1

Click here to take the quiz!

General Stats

  • This quiz has been taken 507 times
  • The average score is 16 of 24

Answer Stats

SeasonDancer% Correct
1- presentMaddie Ziegler
99%
1- presentMackenzie Ziegler
98%
1-presentNia Frazier
98%
1-4 (episode 8)Paige Hyland
96%
1-4 (episode 8)Brooke Hyland
95%
1-4 (episode 30)Chloe Lukisiak
94%
2- presentKendall Vertes
92%
4 - presentKalani Hilliker
87%
5- presentJoJo Siwa
82%
1 (til episode 12)Vivi-Anne Stein
74%
3 (episode 14-31)Asia Monet Ray
73%
6-present (previously guested in 4)Brynn Rumfallo
73%
1-5 (Frequent Guest Dancer)Peyton Ackerman
72%
4-5 (Guest)Sara Hunt
66%
3 (episode 2-4)Sophia Lucia
63%
4 (Select Team)Ava Cota
62%
4 (Select Team)Sarah Reasons
52%
4 (Select Team)Tea Adamson
48%
4 (Select Team)Jade Cloud
47%
4 (Select Team)Kamryn Beck
45%
3 (episode 1-3)Ally Serigne
35%
2 (Guest)Nicaya Wiley
24%
3 (episode 2-3)Bella Hofheins
23%
3 (episode 2-3)Kaeli Ware
17%

Score Distribution

Percentile by Number Answered

Percent of People with Each Score

Your Score History

You have not taken this quiz